<?xml version="1.0" encoding="UTF-8"?>
<collection xmlns="http://www.loc.gov/MARC21/slim">
 <record>
  <leader>00816nem a22001935a 4500</leader>
  <controlfield tag="001">CEM.cems017640</controlfield>
  <controlfield tag="008">130507s2006##############a#####1#######d</controlfield>
  <controlfield tag="005">20230823121924.0</controlfield>
  <datafield tag="245" ind1="0" ind2="0">
   <subfield code="a">Mapa América [material cartográfico] :</subfield>
   <subfield code="b">mapa físico escala 1 /</subfield>
   <subfield code="c">Realizado por Sistemas Educativos.</subfield>
  </datafield>
  <datafield tag="255" ind1=" " ind2=" ">
   <subfield code="a">e. 1 : 14.000.000</subfield>
  </datafield>
  <datafield tag="260" ind1=" " ind2=" ">
   <subfield code="a">Buenos Aires :</subfield>
   <subfield code="b">Departamento de cartografía,</subfield>
   <subfield code="c">2006</subfield>
  </datafield>
  <datafield tag="300" ind1=" " ind2=" ">
   <subfield code="a">1 mapa : col.</subfield>
  </datafield>
  <datafield tag="500" ind1=" " ind2=" ">
   <subfield code="a">La presente publicación se ajusta a la cartografía establecida por el Poder Ejecutivo Nacional a través del Igm - ley 22.963 - y fue aprobada por Expediente Nº Gg9 2649/5</subfield>
  </datafield>
  <datafield tag="110" ind1="2" ind2=" ">
   <subfield code="a">Sistemas Educativos.</subfield>
  </datafield>
  <datafield tag="082" ind1="0" ind2="4">
   <subfield code="a">912.8</subfield>
  </datafield>
  <datafield tag="653" ind1=" " ind2=" ">
   <subfield code="a">América-mapas</subfield>
  </datafield>
  <datafield tag="653" ind1=" " ind2=" ">
   <subfield code="a">América-mapa físico</subfield>
  </datafield>
  <datafield tag="653" ind1=" " ind2=" ">
   <subfield code="a">Mapas</subfield>
  </datafield>
  <datafield tag="859" ind1=" " ind2=" ">
   <subfield code="a">CEMS</subfield>
   <subfield code="b">BIB. CEMS - Agricultura</subfield>
   <subfield code="h">912.8</subfield>
   <subfield code="i">Ar37-1</subfield>
   <subfield code="p">A0013.011</subfield>
   <subfield code="t">Ej.1</subfield>
   <subfield code="v">MAPA</subfield>
   <subfield code="3">MAPA</subfield>
  </datafield>
 </record>
</collection>
